MARC

LEADER 00000nam0a2200000 4500
001 270017
005 20231101234317.0
035 |a (RuTPU)RU\TPU\book\293197 
090 |a 270017 
100 |a 20140923d1985 m y0rusy50 ca 
101 0 |a rus 
102 |a RU 
105 |a a j 001zy 
200 1 |a Высокотемпературные печи для обжига и испытаний керамики  |e учебное пособие  |f В. Л. Балкевич, Ю. М. Мосин, Б. С. Скидан  |g Московский химико-технологический институт им. Д. И. Менделеева (МХТИ) 
210 |a Москва  |c Изд-во МХТИ  |d 1985 
215 |a 64 с.  |c ил. 
320 |a Библиогр.: с. 64 
606 1 |a Керамические заводы  |x Тепловое оборудование  |2 stltpush  |3 (RuTPU)RU\TPU\subj\34768  |9 56640 
610 1 |a высокотемпературные печи 
610 1 |a керамика 
610 1 |a обжиг 
610 1 |a электрические нагреватели 
610 1 |a футеровка 
610 1 |a лабораторные печи 
610 1 |a температура 
610 1 |a измерение 
610 1 |a высокотемпературные свойства 
610 1 |a учебные пособия 
675 |a 666.3(075.8)  |v 4 
700 1 |a Балкевич  |b В. Л.  |g Виктор Львович 
701 1 |a Мосин  |b Ю. М.  |g Юрий Михайлович 
701 1 |a Скидан  |b Б. С.  |g Бронислав Сергеевич 
712 0 2 |a Московский химико-технологический институт им. Д. И. Менделеева (МХТИ)  |2 stltpush  |3 (RuTPU)RU\TPU\col\1701 
801 1 |a RU  |b 63413507  |c 20140923 
801 2 |a RU  |b 63413507  |c 20170303  |g RCR 
942 |c BK